000 00682nam a22002057a 4500
003 OSt
005 20140310182915.0
008 130129t xxu||||| |||| 00| 0 eng d
020 _a9710865439
050 _aPL 6061
_b.L869 2005
082 _aFIL 899.211
_bL88 2005
245 _aUgat ng panitikang Pilipino
_bbugtong, salawikain, mga sawikain, mga kawikaan, palaisipan, mga tugmang walang diwa, tanaga, pamahiin, kantahing bayan, alamat
_cLorenzo, Carmelita
260 _aMandaluyong City
_bNational Book Store
_cc2005
300 _a161 p.
_c22 cm.
_bill.
521 _acollege students
526 _c1210L-1700L
541 _j1
562 _e1
942 _2lcc
_cBK
_kFIL
999 _c17285
_d17285